Dombos vidék [festmény] /

Elmentve itt :
Bibliográfiai részletek
Szerző: Kádár Béla
Dokumentumtípus: Cikk
Megjelent: 1911
Sorozat:Kultura [!Kultúra] : irodalmi, művészeti, kritikai képes havi folyóirat 2 No. 17-18
Kulcsszavak:Művészet
Online Access:http://misc.bibl.u-szeged.hu/1322
LEADER 00598nab a2200169 i 4500
001 misc1322
005 20191106143740.0
008 170607s1911 hu o 0|| hun d
040 |a SZTE Miscellanea Repozitórium  |b hun 
041 |a hun 
100 1 |a Kádár Béla 
245 1 0 |a Dombos vidék   |h [elektronikus dokumentum] :  |b [festmény] /  |c  Kádár Béla 
260 |c 1911 
300 |a 741 
490 0 |a Kultura [!Kultúra] : irodalmi, művészeti, kritikai képes havi folyóirat  |v 2 No. 17-18 
695 |a Művészet 
856 4 0 |u http://misc.bibl.u-szeged.hu/1322/1/kultura_002_017_018_741.pdf  |z Dokumentum-elérés